1138 1172 1062 1533 1611 1248 1685 1366 1781 1609 1328 1027 1151 1870 1410 1383 1140 1863 1327 1530 1459 1744 1934 1954 1977 1428 1986 1912 1157 1124 1199 1115 1063 1541 1373 1329 1850 1977 1183 1497 1493 1464 1380 1616 1158 1104 1249 1696 1197 1704 1308 1403 1106 1943 1309 1450 1364 1281 1290 1282 1639 1807 1607 1200 1740 1375 1937 1207 1158 1333 1589 1270 1698 1699 1449 1437 1368 1975 1746 1781 1079 1534 1935 1059 1891 1560 1175 1434 1381 1862 1114 1917 1541 1458 1066 1773 1394 1162 1047 BCNSPRNW ULIB Ver.6.0+V

เปลี่ยนเป็นภาษาไทย

Change to English
 แสดงรายละเอียดบรรณานุกรม
  กลับหน้าหลัก

Brief Record : Get Marc (ISO 2709) : E-mail record : QR code < ปิดหน้าต่าง
LEADER : 00000nam 2200000uu 4500
001    13399110881
003     ULIB
008    110613s2005||||th 000 0 tha d
020    9748679241(ล.16)
050  4 AC158^bM111D ล.16 2005
245    ดิสนีย์ส (Disney s) โลกมหัศจรรย์ : ตะวันตกไกล/ ^cผู้แปลและเรียบเรียง ศูนย์การแปล คณะอักษณศาสตร์ จุฬาลงกรณ์มหาวิทยาลัย ; บรรณาธิการ ชาญศักดิ์ พงษ์สุวรรณ
260    กรุงเทพฯ : ^bโกเลียร์อินเตอร์เนชั่นแนล, ^c2005
300    20 เล่ม : ^bภาพประกอบ ; ^c26 ซม.
592    Buddhist era
650    ความรู้ทั่วไป
700    ชาญศักดิ์ พงษ์สุวรรณ, ^eบรรณาธิการ
710    จุฬาลงกรณ์มหาวิทยาลัย. ^bคณะอักษรศาสตร์. ^bศูนย์การแปล
945    ^p850^l0^i023042
995    ทศพร
999 ^a ใช้งานได้ทุกระบบ
รายการนี้ยังไม่มีแท็ก
คุณยังไม่ได้ล็อกอิน คุณสามารถมีกิจกรรมร่วมกับเว็บไซต์ได้ แต่ต้องล็อกอินก่อน ::
  ล็อกอิน

รายการสื่อสารสนเทศ

ลำดับที่ ประเภท เลขเรียก/บาร์โค้ด สถานที่ สถานะ
- ไม่พบข้อมูล -

รายการใกล้เคียง
    หัวเรื่อง [ความรู้ทั่วไป]

BibComment


ยังไม่เคยถูกคอมเมนท์

คอมเมนท์ทรัพยากรรายการนี้
  คอมเมนท์: ดิสนีย์ส Disney s..


 Copyright 2026. Bcnsprnw @Library